HTML - začínáme programovat /

Enregistré dans:
Détails bibliographiques
Auteur principal: Písek, Slavoj (Auteur)
Format: Livre
Langue:tchèque
Publié: Praha Grada [1. vyd. 2010]
Édition:3., aktual. vyd.
Sujets:
Tags: Ajouter un tag
Pas de tags, Soyez le premier à ajouter un tag!

MARC

LEADER 00000nam a22000003a 4500
001 0099937
003 SK-STU
005 20230116103548.8
007 ta
008 230116s ----xo-----e------000-0-----d
020 |a 978-80-247-3117-9 
040 |a STU  |b slo 
041 0 |a cze 
044 |a xr 
100 1 |a Písek, Slavoj  |4 aut 
245 1 0 |a HTML - začínáme programovat /  |c aut. Slavoj Písek 
250 |a 3., aktual. vyd. 
260 |a Praha  |b Grada  |c [1. vyd. 2010] 
650 0 7 |a internetové technológie 
996 |b 284M089220  |c M* 14706-1  |l MMKN  |s A  |a 24  |w 0099937_0001